Szczegóły MARC21

Rachunkowość według standardów Unii Europejskiej T.1, Teoretyczne i praktyczne ABC rachunkowości finansowej Pozyskiwanie składników majątku przedsiębiorstwa dla prowadzenia działalności gospodarczej /

005 -DATA I CZAS OSTATNIEJ MODYFIKACJI [,]
    • @
    • pole kontrolne
    • 20070315155141.9
020 -Międzynarod. znormalizowany nr książki - ISBN [ , ]
    • a
    • Numer ISBN
    • 8386050314 Find
040 -Instytucja sporządzająca opis [ , ]
    • a
    • Instytucja, która sporządziła opis (NP)
    • SZCZ U
    • c
    • Instytucja, która sporządziła rekord (NP)
    • SZCZ U
041 -Język dokumentu [0, ]
    • a
    • Język tekstu (P)
    • polski
    • h
    • Język tekstu oryginalnego i/lub pośredniego (P)
    • polski
942 -Rodzaj dokumentu [ , ]
    • c
    • Rodzaj dokumentu
    • Książka
100 -Hasło główne - nazwa osobowa [ , ]
    • a
    • Nazwa osobowa (NP)
    • ROSZCZYNIALSKA, ELŻBIETA
245 -Strefa tytułu i oznaczenia odpowiedzialności [1, ]
    • a
    • Tytuł
    • Rachunkowość według standardów Unii Europejskiej Find
    • n
    • Oznaczenie części (P)
    • T.1,
    • p
    • Nazwa części (P)
    • Teoretyczne i praktyczne ABC rachunkowości finansowej
    • p
    • Nazwa części (P)
    • Pozyskiwanie składników majątku przedsiębiorstwa dla prowadzenia działalności gospodarczej /
    • c
    • Pozostałe elementy strefy tytułu i oznaczenia odpowiedzialności (NP)
    • Elżbieta Roszczynialska, Zofia Wydymus.
260 -Strefa adresu wydawniczego [ , ]
    • a
    • Miejsce wydania (P)
    • Kraków :
    • b
    • Nazwa wydawcy (P)
    • "Text",
    • c
    • Data wydania (P)
    • 1998.
300 -Strefa opisu fizycznego [ , ]
    • a
    • Określenie formy książki i/lub objętość (NP)
    • 172 s :
    • b
    • Oznaczenie ilustracji (NP)
    • wykr :
    • c
    • Format (NP)
    • 24 cm +
    • e
    • Oznaczenie dokumentu towarzyszącego (NP)
    • 5 kart.
490 -Strefa serii i książki wielotomowej - forma nie do wyszukiwania [0, ]
    • a
    • Tytuł (P)
    • (Prace Naukowe Wyższej Szkoły Zarządzania i Bankowości w Krakowie ; Find
    • v
    • Numeracja (P)
    • 4)
490 -Strefa serii i książki wielotomowej - forma nie do wyszukiwania [0, ]
    • a
    • Tytuł (P)
    • (Europejska Integracja Gospodarcza) Find
500 -Uwaga ogólna [ , ]
    • a
    • Uwaga ogólna (NP)
    • Bibliogr
080 -Uniwersalna Klasyfikacja Dziesiętna [ , ]
    • a
    • Symbol klasyfikacji
    • 657(4-67)
080 -Uniwersalna Klasyfikacja Dziesiętna [ , ]
    • a
    • Symbol klasyfikacji
    • :658.14/.17(4-67)
980 -Symbol UKD [ , ]
    • a
    • UKD
    • 657(4-67):658.14/.17(4-67)
700 -Hasło dodatkowe - nazwa osobowa [ , ]
    • a
    • Nazwa osobowa (NP)
    • Wydymus Zofia Find
920 -ISBN [ , ]
    • a
    • ISBN
    • 83-86050-31-4 Find
Status udost. Numer inwentarzowy Sygnatura Lokalizacja Data inwentaryzacji
-3T.5499T.5499T2001-06-04